[Event "Split op 12th"]
[Site "Split"]
[Date "2023.08.06"]
[Round "3"]
[White "Martorell Aubanell, Adria"]
[Black "Novosel, Lovro"]
[Result "0-1"]
[WhiteElo "2110"]
[BlackElo "2383"]
[PlyCount "58"]
[EventDate "2023.08.05"]
[EventType "swiss"]
[EventRounds "9"]
[EventCountry "CRO"]
[SourceTitle "CBM 215 Extra"]
[Source "ChessBase"]
[SourceDate "2023.09.30"]
[SourceVersion "1"]
[SourceVersionDate "2023.09.30"]
[SourceQuality "1"]

1. e4 c5 2. Nf3 d6 3. d4 cxd4 4. Nxd4 Nf6 5. Nc3 a6 6. Bg5 Nbd7 7. f4 Qc7 8. Qf3 h6 9. Bh4 g5 10. fxg5 hxg5 11. Bxg5 Qc5 12. Nf5 e6 13. Bxf6 Nxf6 14. Ne3 Bh6 15. Qxf6 Qxe3+ 16. Be2 Rg8 17. Rd1 Rxg2 18. Rf1 Rg7 19. Rd3 Qg5 20. e5 Qxf6 21. exf6 Rg2 22. Rxd6 Bd7 23. Bf3 Rxc2 24. Rb6 Rxh2 25. Ne4 Kf8 26. Nd6 Rd8 27. Bxb7 Bd2+ 28. Kd1 Ba5 29. Rxa6 Bb5 0-1

[Event "La Pobla de Lillet op-A"]
[Site "La Pobla de Lillet"]
[Date "2022.08.09"]
[Round "8"]
[White "Fortuny Profitos, Jordi"]
[Black "Martorell Aubanell, Adria"]
[Result "1-0"]
[WhiteElo "2082"]
[BlackElo "2129"]
[PlyCount "103"]
[EventDate "2022.08.02"]
[EventType "swiss"]
[EventRounds "9"]
[EventCountry "ESP"]
[SourceTitle "CBM 209 Extra"]
[Source "ChessBase"]
[SourceDate "2022.09.30"]
[SourceVersion "1"]
[SourceVersionDate "2022.09.30"]
[SourceQuality "1"]

1. d4 Nf6 2. Bf4 g6 3. Nc3 c5 4. dxc5 Qa5 5. Qd2 Bg7 6. e4 Qxc5 7. Nf3 d6 8. Be2 0-0 9. Be3 Qa5 10. Nd4 a6 11. 0-0-0 Nc6 12. h4 Nxd4 13. Bxd4 Be6 14. a3 Rfc8 15. Nd5 Qxd2+ 16. Rxd2 Bxd5 17. exd5 Bh6 18. Be3 Bxe3 19. fxe3 Rc5 20. Bf3 Nd7 21. Rd4 Rac8 22. c3 Ne5 23. Be2 h6 24. Kd2 Kg7 25. h5 g5 26. Ra1 f5 27. Rf1 Rf8 28. b4 Rcc8 29. Bd3 Nxd3 30. Kxd3 b5 31. a4 Rb8 32. Rf2 Ra8 33. c4 bxa4 34. Ra2 Kf6 35. Rxa4 Ke5 36. g4 fxg4 37. Re4+ Kf6 38. Ra1 e5 39. dxe6 Ke7 40. Rxg4 Kxe6 41. Re4+ Kd7 42. Ra5 Rab8 43. Rxa6 Rxb4 44. Ra7+ Kc6 45. Ree7 Rbb8 46. Re6 Rb3+ 47. Kd4 Rb1 48. Ra6+ Kc7 49. Re7+ Kb8 50. Rxd6 Rd1+ 51. Kc5 Rc8+ 52. Rc6 1-0

[Event "Miquel Mas op-A 18th"]
[Site "Castell de Sant Ferran"]
[Date "2017.08.16"]
[Round "8"]
[White "Martorell Aubanell, Adria"]
[Black "Sole Pijuan, Ferran"]
[Result "1-0"]
[WhiteElo "2191"]
[BlackElo "2216"]
[PlyCount "57"]
[EventDate "2017.08.10"]
[EventType "swiss"]
[EventRounds "9"]
[EventCountry "ESP"]
[SourceTitle "CBM 180 Extra"]
[Source "ChessBase"]
[SourceDate "2017.10.06"]
[SourceVersion "1"]
[SourceVersionDate "2017.10.06"]
[SourceQuality "1"]

1. e4 e5 2. Nf3 Nc6 3. d4 exd4 4. Nxd4 Bb4+ 5. c3 Bc5 6. Nb3 Bb6 7. Bd3 Nf6 8. 0-0 0-0 9. Bg5 Ne5 10. Na3 h6 11. Bh4 d6 12. Qc2 Be6 13. Nd2 Ng6 14. Bg3 h5 15. Nf3 Nd7 16. h4 Bg4 17. Ng5 Nc5 18. Nc4 Ne6 19. Nxb6 axb6 20. f3 Nxg5 21. fxg4 Ne6 22. gxh5 Ne7 23. e5 dxe5 24. Rad1 Qc8 25. Bxe5 Ra5 26. Qe2 f5 27. h6 gxh6 28. Bc4 Kh7 29. Bd4 1-0

[Event "Miquel Mas op-A 18th"]
[Site "Castell de Sant Ferran"]
[Date "2017.08.12"]
[Round "4"]
[White "Martorell Aubanell, Adria"]
[Black "Paraschiv, Paul Alexandru"]
[Result "1/2-1/2"]
[WhiteElo "2191"]
[BlackElo "2017"]
[PlyCount "65"]
[EventDate "2017.08.10"]
[EventType "swiss"]
[EventRounds "9"]
[EventCountry "ESP"]
[SourceTitle "CBM 180 Extra"]
[Source "ChessBase"]
[SourceDate "2017.10.06"]
[SourceVersion "1"]
[SourceVersionDate "2017.10.06"]
[SourceQuality "1"]

1. d4 Nf6 2. Nf3 e6 3. e3 b6 4. Bd3 Bb7 5. 0-0 Be7 6. b3 0-0 7. Bb2 c5 8. Nbd2 Nc6 9. c4 d6 10. Rc1 Re8 11. Qe2 Bf8 12. Rfd1 Qc7 13. Bb1 Rad8 14. Nf1 Qe7 15. Ng3 g6 16. Bc3 Bh6 17. Qb2 cxd4 18. Nxd4 Nxd4 19. Bxd4 e5 20. Bc3 Ba8 21. Bd3 Bf8 22. Bf1 h5 23. h3 Qb7 24. Ne2 Ne4 25. Be1 Ng5 26. Rd5 Qc8 27. Rdd1 Qb7 28. Rd5 h4 29. Nc3 Bg7 30. Kh2 Qe7 31. Rdd1 e4 32. Qa3 Be5+ 33. Kh1 1/2-1/2

[Event "Miquel Mas op-A 18th"]
[Site "Castell de Sant Ferran"]
[Date "2017.08.11"]
[Round "2"]
[White "Martorell Aubanell, Adria"]
[Black "Renteria Becerra, Jorge Elicer"]
[Result "1/2-1/2"]
[WhiteElo "2191"]
[BlackElo "2332"]
[PlyCount "84"]
[EventDate "2017.08.10"]
[EventType "swiss"]
[EventRounds "9"]
[EventCountry "ESP"]
[SourceTitle "CBM 180 Extra"]
[Source "ChessBase"]
[SourceDate "2017.10.06"]
[SourceVersion "1"]
[SourceVersionDate "2017.10.06"]
[SourceQuality "1"]

1. e4 c5 2. Nf3 d6 3. d4 cxd4 4. Nxd4 Nf6 5. Nc3 a6 6. Bg5 Nc6 7. Qd2 e6 8. 0-0-0 h6 9. Bh4 Nxe4 10. Bxd8 Nxd2 11. Nxc6 bxc6 12. Bc7 Nxf1 13. Bxd6 Bxd6 14. Rxd6 Nxh2 15. Rxh2 Bd7 16. Na4 Ke7 17. Rd3 Rhb8 18. Rg3 Kf8 19. c4 Be8 20. Rh4 Rb4 21. b3 Rbb8 22. Kc2 a5 23. Kc3 Rd8 24. Nb6 Rab8 25. c5 Rd1 26. Kc2 Rbd8 27. Ra4 R1d2+ 28. Kc3 Rxf2 29. Rxa5 Rdd2 30. a4 f5 31. Ra8 g5 32. a5 Ke7 33. a6 Rc2+ 34. Kb4 Rf4+ 35. Nc4 Ra2 36. Kc3 Rf1 37. b4 Rfa1 38. Na5 Ra3+ 39. Kb2 R1a2+ 40. Kb1 Ra1+ 41. Kb2 R1a2+ 42. Kb1 Ra1+ 1/2-1/2

[Event "Roncana op-A 10th"]
[Site "Santa Eulalia de Roncana"]
[Date "2016.11.12"]
[Round "7"]
[White "Martorell Aubanell, Adria"]
[Black "Mas Recorda, Pere"]
[Result "0-1"]
[WhiteElo "2149"]
[BlackElo "2027"]
[PlyCount "126"]
[EventDate "2016.09.24"]
[EventType "swiss"]
[EventRounds "8"]
[EventCountry "ESP"]
[SourceTitle "EXT 2018"]
[Source "ChessBase"]
[SourceDate "2017.10.13"]
[SourceVersion "1"]
[SourceVersionDate "2017.10.13"]
[SourceQuality "1"]

1. e4 e6 2. Nf3 d5 3. e5 f6 4. exf6 Nxf6 5. d4 c5 6. Bb5+ Nc6 7. 0-0 a6 8. Bxc6+ bxc6 9. Ne5 Qb6 10. Bg5 Ke7 11. Nc3 cxd4 12. Na4 Qc7 13. Qxd4 Ke8 14. Nd3 Kf7 15. Bf4 Bd6 16. Bxd6 Qxd6 17. Ne5+ Ke7 18. Nc5 Re8 19. Rfe1 Kf8 20. Re3 a5 21. Rae1 Rb8 22. Ned3 Kg8 23. a4 Bd7 24. b3 Re7 25. h3 Rbe8 26. Re5 Bc8 27. R1e3 Nd7 28. Nxd7 Qxd7 29. Qb6 Qc7 30. Qxc7 Rxc7 31. Nc5 Kf7 32. Kf1 g6 33. Ke2 Kf6 34. f4 h5 35. Kd3 Ra7 36. Kd4 Ra8 37. Rg5 Re7 38. Reg3 Rg7 39. Nd3 Bd7 40. Ne5 Be8 41. Rc3 Rc8 42. Rc5 Ra7 43. Rg3 Ra6 44. Re3 Ra7 45. Re1 Ke7 46. Nd3 Kd6 47. Ra1 Rb8 48. Ra3 Rbb7 49. c3 Rf7 50. h4 Rxf4+ 51. Nxf4 e5+ 52. Kd3 Kxc5 53. Ne6+ Kd6 54. Ng5 c5 55. c4 Bc6 56. Ra1 e4+ 57. Kc2 d4 58. Rf1 Re7 59. Rf6+ Kd7 60. Rf7 e3 61. Rxe7+ Kxe7 62. Kd3 Bxg2 63. Ke2 Kf6 0-1

[Event "Roncana op-A 10th"]
[Site "Santa Eulalia de Roncana"]
[Date "2016.11.05"]
[Round "6"]
[White "Bardera Gil, Sergi"]
[Black "Martorell Aubanell, Adria"]
[Result "1/2-1/2"]
[WhiteElo "2059"]
[BlackElo "2149"]
[PlyCount "67"]
[EventDate "2016.09.24"]
[EventType "swiss"]
[EventRounds "8"]
[EventCountry "ESP"]
[SourceTitle "EXT 2018"]
[Source "ChessBase"]
[SourceDate "2017.10.13"]
[SourceVersion "1"]
[SourceVersionDate "2017.10.13"]
[SourceQuality "1"]

1. e4 c5 2. Nf3 Nc6 3. d4 cxd4 4. Nxd4 Nf6 5. Nc3 e5 6. Ndb5 d6 7. Bg5 a6 8. Na3 b5 9. Nd5 Be7 10. Bxf6 Bxf6 11. Nxf6+ gxf6 12. Qd5 Bb7 13. 0-0-0 Na5 14. Qd3 b4 15. Nc4 Nxc4 16. Qxc4 Qb6 17. Rd2 Ke7 18. Be2 Rac8 19. Qd3 Rhd8 20. Bf3 a5 21. Bg4 Rc5 22. Rhd1 a4 23. Qf3 b3 24. a3 bxc2 25. Re1 Qa5 26. Qe3 d5 27. exd5 Rdxd5 28. Rxc2 Rxc2+ 29. Kxc2 Rc5+ 30. Kb1 Rc4 31. f3 Bd5 32. Rd1 Qb5 33. Qd3 Rc5 34. Qxb5 1/2-1/2

[Event "Mollet del Valles op 4th"]
[Site "Mollet del Valles"]
[Date "2016.10.28"]
[Round "5"]
[White "Martorell Aubanell, Adria"]
[Black "Alfonso Nogue, Beatriz"]
[Result "1/2-1/2"]
[WhiteElo "2149"]
[BlackElo "2094"]
[PlyCount "109"]
[EventDate "2016.09.30"]
[EventType "swiss"]
[EventRounds "9"]
[EventCountry "ESP"]
[SourceTitle "EXT 2018"]
[Source "ChessBase"]
[SourceDate "2017.10.13"]
[SourceVersion "1"]
[SourceVersionDate "2017.10.13"]
[SourceQuality "1"]

1. e4 e5 2. Nf3 Nc6 3. d4 exd4 4. Nxd4 Bc5 5. Nb3 Bb4+ 6. c3 Be7 7. Bf4 d6 8. c4 Bf6 9. Qd2 a5 10. Nc3 a4 11. Nc1 a3 12. b3 Nge7 13. Be2 Ng6 14. Be3 0-0 15. 0-0 Re8 16. f3 Be5 17. Nd3 Bxc3 18. Qxc3 f5 19. Nf2 f4 20. Bd2 Qh4 21. Rfd1 Ra5 22. Be1 Rh5 23. h3 Qe7 24. Bf1 Ra5 25. b4 Ra8 26. Rac1 Be6 27. Rd2 Nce5 28. c5 dxc5 29. Qxc5 Qg5 30. Ng4 h5 31. Nxe5 Nxe5 32. Kh1 Qf6 33. Qf2 Qf7 34. Rc5 Bc4 35. Rc2 Bxf1 36. Qxf1 Re7 37. Bh4 b6 38. Rd5 Re6 39. Qa1 Rae8 40. Qd4 c6 41. Rd6 Rxd6 42. Qxd6 Qe6 43. Qxe6+ Rxe6 44. Rc3 Rd6 45. Rxa3 Rd1+ 46. Kh2 Rd2 47. Be1 Rc2 48. h4 c5 49. bxc5 bxc5 50. Rc3 Rxa2 51. Kg1 Ra1 52. Kf2 Ra2+ 53. Kg1 Ra1 54. Kf2 Ra2+ 55. Kg1 1/2-1/2

[Event "Roncana op-A 10th"]
[Site "Santa Eulalia de Roncana"]
[Date "2016.10.22"]
[Round "5"]
[White "Martorell Aubanell, Adria"]
[Black "Lopez Santana, Oscar"]
[Result "1/2-1/2"]
[WhiteElo "2149"]
[BlackElo "2123"]
[PlyCount "48"]
[EventDate "2016.09.24"]
[EventType "swiss"]
[EventRounds "8"]
[EventCountry "ESP"]
[SourceTitle "EXT 2018"]
[Source "ChessBase"]
[SourceDate "2017.10.13"]
[SourceVersion "1"]
[SourceVersionDate "2017.10.13"]
[SourceQuality "1"]

1. Nf3 Nf6 2. b3 d5 3. Bb2 Bg4 4. Ne5 Bh5 5. g3 e6 6. Bg2 Be7 7. 0-0 Nbd7 8. c4 Nxe5 9. Bxe5 0-0 10. d3 c6 11. Nd2 Ne8 12. Nf3 f6 13. Bb2 e5 14. cxd5 cxd5 15. Qd2 Nd6 16. Rfc1 Bg4 17. Rc2 Qb6 18. Rac1 Rac8 19. Bc3 Nf7 20. Ba5 Qb5 21. Rxc8 Rxc8 22. Rxc8+ Bxc8 23. Qc3 Be6 24. a4 Qc5 1/2-1/2

[Event "Roncana op-A 10th"]
[Site "Santa Eulalia de Roncana"]
[Date "2016.10.08"]
[Round "3"]
[White "Martorell Aubanell, Adria"]
[Black "Morais Carreras, Javier"]
[Result "1-0"]
[WhiteElo "2149"]
[BlackElo "1970"]
[PlyCount "111"]
[EventDate "2016.09.24"]
[EventType "swiss"]
[EventRounds "8"]
[EventCountry "ESP"]
[SourceTitle "EXT 2018"]
[Source "ChessBase"]
[SourceDate "2017.10.13"]
[SourceVersion "1"]
[SourceVersionDate "2017.10.13"]
[SourceQuality "1"]

1. d4 d5 2. Nf3 Nf6 3. c4 e6 4. Nc3 Be7 5. Bg5 0-0 6. e3 c6 7. Rc1 Nbd7 8. Qc2 Re8 9. a3 dxc4 10. Bxc4 Nd5 11. Bxe7 Qxe7 12. Ne4 h6 13. 0-0 b6 14. Ba2 Bb7 15. Bb1 N5f6 16. Ng3 c5 17. e4 g6 18. e5 Nh7 19. Ne4 cxd4 20. Qd2 Nc5 21. Nd6 Bxf3 22. Nxe8 Rxe8 23. gxf3 Qh4 24. Qe2 Ng5 25. f4 Nh3+ 26. Kh1 Qxf4 27. f3 Rd8 28. Qg2 Ng5 29. Qg3 Qxg3 30. hxg3 d3 31. Rcd1 d2 32. Kg2 Na4 33. Rf2 Nxb2 34. Rdxd2 Rxd2 35. Rxd2 Nc4 36. Rd3 Kg7 37. Rc3 Nd2 38. Ba2 Ndxf3 39. Rxf3 Nxf3 40. Kxf3 Kf8 41. Ke4 Ke7 42. Kd4 Kd7 43. Bb1 h5 44. Kc4 a6 45. Kd4 Kc6 46. Be4+ Kb5 47. a4+ Kxa4 48. Bc6+ b5 49. Be8 g5 50. Bxf7 h4 51. gxh4 gxh4 52. Bxe6 b4 53. Bd5 Ka3 54. e6 b3 55. e7 b2 56. Be4 1-0

[Event "Roncana op-A 10th"]
[Site "Santa Eulalia de Roncana"]
[Date "2016.10.01"]
[Round "2"]
[White "Martos Martin, Josep Angel"]
[Black "Martorell Aubanell, Adria"]
[Result "0-1"]
[WhiteElo "1877"]
[BlackElo "2149"]
[PlyCount "82"]
[EventDate "2016.09.24"]
[EventType "swiss"]
[EventRounds "8"]
[EventCountry "ESP"]
[SourceTitle "EXT 2018"]
[Source "ChessBase"]
[SourceDate "2017.10.13"]
[SourceVersion "1"]
[SourceVersionDate "2017.10.13"]
[SourceQuality "1"]

1. d4 Nf6 2. Nc3 d5 3. Bf4 a6 4. Nf3 Bf5 5. e3 e6 6. Bd3 Bg4 7. Qd2 Bb4 8. a3 Be7 9. Ne5 Bh5 10. f3 c5 11. g4 Bg6 12. Bxg6 hxg6 13. 0-0-0 Nc6 14. Ne2 c4 15. Ng3 Nd7 16. Nxd7 Qxd7 17. e4 b5 18. Qe2 c3 19. exd5 cxb2+ 20. Kxb2 Qxd5 21. Qe4 Na5 22. Qxd5 exd5 23. Rd3 Rc8 24. c3 Nc4+ 25. Kb3 a5 26. Bc1 Kd7 27. Nf1 Rh3 28. Ka2 Bd6 29. Kb1 Re8 30. Nd2 Re2 31. Nb3 a4 32. Nc5+ Kc6 33. Na6 Nxa3+ 34. Ka1 Nc2+ 35. Kb1 Ne1 36. Rd1 Nc2 37. Bd2 Na3+ 38. Kc1 Nc4 39. Be1 a3 40. Kb1 Rb2+ 41. Ka1 Na5 0-1

[Event "Roncana op-A 10th"]
[Site "Santa Eulalia de Roncana"]
[Date "2016.09.24"]
[Round "1"]
[White "Martorell Aubanell, Adria"]
[Black "Garcia Payas, Alex"]
[Result "1-0"]
[WhiteElo "2149"]
[BlackElo "1756"]
[PlyCount "51"]
[EventDate "2016.09.24"]
[EventType "swiss"]
[EventRounds "8"]
[EventCountry "ESP"]
[SourceTitle "EXT 2018"]
[Source "ChessBase"]
[SourceDate "2017.10.13"]
[SourceVersion "1"]
[SourceVersionDate "2017.10.13"]
[SourceQuality "1"]

1. e4 e6 2. d4 d5 3. e5 c5 4. c3 Nc6 5. Nf3 Qb6 6. Bd3 Bd7 7. 0-0 cxd4 8. cxd4 Nxd4 9. Nxd4 Qxd4 10. Nc3 a6 11. Qe2 Ne7 12. Kh1 Nc6 13. f4 Qb4 14. a3 Qa5 15. Bd2 Nd4 16. Qd1 Rc8 17. Ne2 Qb6 18. Be3 Bc5 19. b4 Nxe2 20. Bxc5 Nc3 21. Bxb6 Nxd1 22. Rfxd1 Ba4 23. Rdc1 Kd7 24. Kg1 Rc6 25. Rxc6 Kxc6 26. Bd4 1-0

[Event "Xativa Murta op 2nd"]
[Site "Xativa"]
[Date "2016.08.25"]
[Round "6"]
[White "Fenollar Jorda, Manuel"]
[Black "Martorell Aubanell, Adria"]
[Result "1/2-1/2"]
[WhiteElo "2338"]
[BlackElo "2162"]
[PlyCount "111"]
[EventDate "2016.08.22"]
[EventType "swiss"]
[EventRounds "9"]
[EventCountry "ESP"]
[SourceTitle "CBM 174 Extra"]
[Source "ChessBase"]
[SourceDate "2016.10.10"]
[SourceVersion "1"]
[SourceVersionDate "2016.10.10"]
[SourceQuality "1"]

1. d4 Nf6 2. Nf3 g6 3. Bg5 Bg7 4. Nbd2 c5 5. e3 cxd4 6. exd4 0-0 7. c3 a6 8. h3 d6 9. Be2 b6 10. 0-0 Bb7 11. Re1 Nbd7 12. Nh2 Re8 13. Bf3 Qc7 14. Qb3 Bxf3 15. Nhxf3 e6 16. Bf4 b5 17. a4 Qc6 18. Ra2 Nb6 19. axb5 axb5 20. Rea1 Rxa2 21. Rxa2 Nc4 22. Qd1 e5 23. dxe5 dxe5 24. Bg3 Nxd2 25. Nxd2 Qd5 26. b3 Nh5 27. Bh2 e4 28. c4 bxc4 29. bxc4 Qd4 30. Qa4 Nf6 31. Nf1 Bh6 32. Bg3 Rc8 33. Rc2 Nh5 34. Qb3 Nxg3 35. Qxg3 Rxc4 36. Qb8+ Kg7 37. Rxc4 Qxc4 38. Qe5+ Kg8 39. Qe8+ Bf8 40. Ne3 Qc1+ 41. Kh2 Qc7+ 42. g3 Qe7 43. Qxe7 Bxe7 44. Nd5 Bd8 45. g4 Bh4 46. Kg2 f6 47. Nc3 f5 48. gxf5 gxf5 49. f3 e3 50. f4 Kf7 51. Kf3 Bf2 52. Ne2 Ke6 53. Nd4+ Kf6 54. Ne2 Ke6 55. Nd4+ Kf6 56. Ne2 1/2-1/2

[Event "Xativa Murta op 2nd"]
[Site "Xativa"]
[Date "2016.08.24"]
[Round "4"]
[White "Garcia Jimenez, Francisco Javier"]
[Black "Martorell Aubanell, Adria"]
[Result "1-0"]
[WhiteElo "2251"]
[BlackElo "2162"]
[PlyCount "51"]
[EventDate "2016.08.22"]
[EventType "swiss"]
[EventRounds "9"]
[EventCountry "ESP"]
[SourceTitle "CBM 174 Extra"]
[Source "ChessBase"]
[SourceDate "2016.10.10"]
[SourceVersion "1"]
[SourceVersionDate "2016.10.10"]
[SourceQuality "1"]

1. e4 e5 2. Nc3 Bc5 3. g3 Nf6 4. Bg2 0-0 5. h3 c6 6. d3 d5 7. Nge2 dxe4 8. dxe4 Qe7 9. 0-0 Rd8 10. Qe1 Nbd7 11. Kh1 Nf8 12. f4 exf4 13. Nxf4 N6d7 14. Nd3 Bd6 15. Qf2 Ne5 16. Be3 Be6 17. Rad1 Nfg6 18. Ne2 Qc7 19. Nef4 b6 20. Nxe6 fxe6 21. Nf4 Qe7 22. Qe2 Rf8 23. b3 Rae8 24. Qd2 Rd8 25. Nxg6 Nxg6 26. Bg5 1-0

[Event "Benimodo U2200 op 11th"]
[Site "Benimodo"]
[Date "2016.08.21"]
[Round "6"]
[White "Martorell Aubanell, Adria"]
[Black "Apolo Sanchez, Manuel"]
[Result "1-0"]
[WhiteElo "2162"]
[BlackElo "1997"]
[PlyCount "31"]
[EventDate "2016.08.19"]
[EventType "swiss"]
[EventRounds "7"]
[EventCountry "ESP"]
[SourceTitle "EXT 2024"]
[Source "ChessBase"]
[SourceDate "2023.10.10"]
[SourceVersion "1"]
[SourceVersionDate "2023.10.10"]
[SourceQuality "1"]

1. e4 d5 2. exd5 Qxd5 3. Nc3 Qa5 4. d4 e5 5. Nf3 Bb4 6. Bd2 Bg4 7. Be2 Nc6 8. a3 Bxf3 9. Bxf3 Nxd4 10. 0-0 Be7 11. Bxb7 Rd8 12. Nd5 Qc5 13. c3 Ne6 14. Qa4+ Kf8 15. Be3 Qd6 16. b4 1-0

[Event "Benimodo U2200 op 11th"]
[Site "Benimodo"]
[Date "2016.08.20"]
[Round "5"]
[White "Albo Ruiz, Jose Martin"]
[Black "Martorell Aubanell, Adria"]
[Result "0-1"]
[WhiteElo "1814"]
[BlackElo "2162"]
[PlyCount "90"]
[EventDate "2016.08.19"]
[EventType "swiss"]
[EventRounds "7"]
[EventCountry "ESP"]
[SourceTitle "EXT 2024"]
[Source "ChessBase"]
[SourceDate "2023.10.10"]
[SourceVersion "1"]
[SourceVersionDate "2023.10.10"]
[SourceQuality "1"]

1. d4 Nf6 2. Nf3 g6 3. c4 Bg7 4. Nc3 0-0 5. e4 d6 6. Be2 Nbd7 7. 0-0 e5 8. Bg5 h6 9. Bxf6 Bxf6 10. Nd5 Bg7 11. Qd2 c6 12. Ne3 Qe7 13. dxe5 dxe5 14. Qc2 Nc5 15. b4 Ne6 16. c5 Nd4 17. Nxd4 exd4 18. Nc4 d3 19. Bxd3 Bxa1 20. Rxa1 Be6 21. Nd6 Rad8 22. e5 Bd5 23. f4 Rd7 24. Rf1 Kg7 25. Bf5 Rc7 26. a3 Kh7 27. Bd3 Rg8 28. g3 f6 29. Re1 fxe5 30. Rxe5 Qf6 31. h4 Re7 32. h5 Rxe5 33. hxg6+ Kh8 34. fxe5 Qxe5 35. Qf2 Qa1+ 36. Bf1 Rxg6 37. Qf8+ Kh7 38. Qf5 Be6 39. Qd3 Bh3 40. Ne4 Bxf1 41. Qd7+ Kh8 42. Kf2 Qb2+ 43. Kxf1 Qb1+ 44. Kf2 Qxe4 45. Qd8+ Kh7 0-1

[Event "Rutas de Cuenca op 3rd"]
[Site "Cuenca"]
[Date "2016.06.18"]
[Round "4"]
[White "Martorell Aubanell, Adria"]
[Black "Barrios Munoz, Rafael Carlos"]
[Result "1-0"]
[WhiteElo "2160"]
[BlackElo "2039"]
[PlyCount "163"]
[EventDate "2016.06.17"]
[EventType "swiss"]
[EventRounds "7"]
[EventCountry "ESP"]
[SourceTitle "EXT 2019"]
[Source "ChessBase"]
[SourceDate "2018.10.10"]
[SourceVersion "1"]
[SourceVersionDate "2018.10.10"]
[SourceQuality "1"]

1. e4 e5 2. Nf3 Nc6 3. d4 exd4 4. Nxd4 Nf6 5. Nc3 Bb4 6. Nxc6 bxc6 7. Bd3 0-0 8. 0-0 d5 9. exd5 Bxc3 10. bxc3 cxd5 11. Qf3 Bg4 12. Qf4 Re8 13. f3 Bh5 14. Qd4 Qd6 15. Bf4 Qb6 16. Rfb1 c5 17. Qa4 Qe6 18. Bb5 Re7 19. Bd2 c4 20. Re1 Qb6+ 21. Kf1 Rxe1+ 22. Rxe1 a6 23. Bc6 Rf8 24. Be3 Qc7 25. Kg1 Rc8 26. g4 Qxc6 27. Qxc6 Rxc6 28. gxh5 Re6 29. h6 gxh6 30. Kf2 h5 31. Rg1+ Kf8 32. Bd4 Ke7 33. Rg5 h6 34. Rf5 h4 35. h3 a5 36. a4 Ra6 37. Bxf6+ Rxf6 38. Rxd5 Rd6 39. Rd4 Ke6 40. Ke3 Rd5 41. Rxh4 h5 42. Rxc4 f5 43. Rc6+ Kf7 44. Kf4 Rd2 45. Kxf5 Rxc2 46. Rc7+ Ke8 47. Kg5 Ra2 48. Rc4 Kf7 49. Kxh5 Kf6 50. Kg4 Rg2+ 51. Kf4 Rh2 52. Kg3 Ra2 53. h4 Kg6 54. Kf4 Re2 55. Rc6+ Kg7 56. h5 Rh2 57. h6+ Kh7 58. Kf5 Ra2 59. Rc4 Rf2 60. f4 Ra2 61. Kf6 Re2 62. f5 Rf2 63. Rc5 Rh2 64. Rxa5 Rxh6+ 65. Kg5 Rc6 66. Ra7+ Kg8 67. Re7 Ra6 68. Re4 Kf7 69. Rb4 Rc6 70. c4 Rc5 71. Kf4 Kf6 72. Ke4 Re5+ 73. Kd4 Rxf5 74. Rb5 Rf1 75. Rd5 Ke7 76. a5 Ra1 77. Rb5 Ke6 78. Kc5 Ra4 79. Kb6 Rxc4 80. a6 Ra4 81. a7 Kd6 82. Kb7 1-0

[Event "Rutas de Cuenca op 3rd"]
[Site "Cuenca"]
[Date "2016.06.17"]
[Round "1"]
[White "Galindo Montoya, Diego"]
[Black "Martorell Aubanell, Adria"]
[Result "0-1"]
[WhiteElo "1876"]
[BlackElo "2160"]
[PlyCount "82"]
[EventDate "2016.06.17"]
[EventType "swiss"]
[EventRounds "7"]
[EventCountry "ESP"]
[SourceTitle "EXT 2019"]
[Source "ChessBase"]
[SourceDate "2018.10.10"]
[SourceVersion "1"]
[SourceVersionDate "2018.10.10"]
[SourceQuality "1"]

1. c4 c5 2. Nc3 Nc6 3. g3 g6 4. Bg2 Bg7 5. e4 d6 6. d3 h5 7. h4 Nd4 8. Nce2 Nc6 9. Qc2 Nf6 10. Nf3 Bg4 11. Bd2 a6 12. Bc3 e5 13. Bd2 b5 14. b3 Nd7 15. Bg5 f6 16. Be3 Bh6 17. Bxh6 Rxh6 18. Qd2 Rh8 19. Nc3 Bxf3 20. Bxf3 Nd4 21. Bg2 b4 22. Ne2 Nxe2 23. Qxe2 Nb8 24. g4 Nc6 25. gxh5 Nd4 26. Qg4 gxh5 27. Qg7 Rf8 28. Qg6+ Kd7 29. Bh3+ Kc6 30. Kd2 Qe7 31. Bf5 Rh8 32. Qg3 Rag8 33. Qh3 Qg7 34. Be6 Qh6+ 35. Ke1 Rg7 36. Bd5+ Kb6 37. a3 Nxb3 38. Rd1 Rg4 39. axb4 cxb4 40. d4 Nxd4 41. Rxd4 exd4 0-1

[Event "Vall del Tenes op 4th"]
[Site "Santa Eulalia de Roncana"]
[Date "2015.05.22"]
[Round "6"]
[White "Martorell Aubanell, Adria"]
[Black "Abreu Flores, Daniel"]
[Result "1-0"]
[WhiteElo "2306"]
[BlackElo "2027"]
[PlyCount "63"]
[EventDate "2015.04.10"]
[EventType "swiss"]
[EventRounds "8"]
[EventCountry "ESP"]
[SourceTitle "CBM 166 Extra"]
[Source "ChessBase"]
[SourceDate "2015.06.18"]
[SourceVersion "1"]
[SourceVersionDate "2015.06.18"]
[SourceQuality "1"]

1. d4 e6 2. c4 Nf6 3. Nc3 Bb4 4. Qc2 d5 5. e3 c5 6. Nf3 Nc6 7. a3 Bxc3+ 8. Qxc3 cxd4 9. Nxd4 0-0 10. b4 e5 11. Nxc6 bxc6 12. Qxe5 Re8 13. Qd4 Re4 14. Qd1 d4 15. Bd3 Rg4 16. 0-0 Qd7 17. f3 Rg5 18. e4 Rh5 19. Bf4 g5 20. Bg3 a5 21. e5 Ne8 22. f4 g4 23. f5 f6 24. Qxg4+ Rg5 25. Qf4 Qg7 26. Qxd4 h5 27. e6 c5 28. Qd5 Ra7 29. Qd8 h4 30. Qxe8+ Kh7 31. Qxc8 Rxg3 32. hxg3 1-0

[Event "Vall del Tenes op 4th"]
[Site "Santa Eulalia de Roncana"]
[Date "2015.05.15"]
[Round "5"]
[White "Canellas Magide, Lluis"]
[Black "Martorell Aubanell, Adria"]
[Result "1-0"]
[WhiteElo "2193"]
[BlackElo "2306"]
[PlyCount "123"]
[EventDate "2015.04.10"]
[EventType "swiss"]
[EventRounds "8"]
[EventCountry "ESP"]
[SourceTitle "CBM 166 Extra"]
[Source "ChessBase"]
[SourceDate "2015.06.18"]
[SourceVersion "1"]
[SourceVersionDate "2015.06.18"]
[SourceQuality "1"]

1. d4 Nf6 2. Nc3 c5 3. Bg5 cxd4 4. Qxd4 Nc6 5. Qh4 e6 6. e4 Be7 7. f4 Qb6 8. 0-0-0 Qe3+ 9. Kb1 Nxe4 10. Nxe4 Qxe4 11. Bd3 Bxg5 12. Qxg5 Qd4 13. Nf3 Qf6 14. Qh5 h6 15. f5 d5 16. Rhe1 e5 17. Nxe5 Nxe5 18. Qe2 0-0 19. Qxe5 Qxe5 20. Rxe5 Bd7 21. Rxd5 Bc6 22. Rd6 Bxg2 23. Rg1 Rfe8 24. Kc1 Be4 25. Bxe4 Rxe4 26. Rxh6 Rf4 27. Rd6 Rxf5 28. Rd7 b5 29. h4 a6 30. Rg5 Rf6 31. Rgd5 Re8 32. Rd8 Rxd8 33. Rxd8+ Kh7 34. a4 Rf4 35. axb5 axb5 36. Rd5 b4 37. h5 Kh6 38. Kd2 Rh4 39. Rb5 Rxh5 40. Rxb4 Rd5+ 41. Ke3 g5 42. c4 Rd8 43. c5 f5 44. c6 f4+ 45. Kf3 Rd3+ 46. Kf2 Rd2+ 47. Kf3 Rc2 48. Rb6 Kh5 49. b4 Rc3+ 50. Kf2 g4 51. Rb5+ Kh4 52. Rc5 g3+ 53. Kg1 Re3 54. c7 f3 55. Rc4+ Kh5 56. Rc1 Re2 57. c8Q Rg2+ 58. Kf1 Rf2+ 59. Ke1 Re2+ 60. Kd1 g2 61. Qh3+ Kg5 62. Qg3+ 1-0